| 000 | 00802nam a2200229Ia 4500 | ||
|---|---|---|---|
| 005 | 20250622124034.0 | ||
| 008 | 250617s9999||||xx |||||||||||||| ||ara|| | ||
| 017 |
_a2025/2254 _bمصر. دار الكتب |
||
| 020 | _a9789778877182 | ||
| 082 | 0 | 4 |
_a"792,0233" _bم إ |
| 100 | 0 | _aمنال البلقاسى | |
| 245 | 1 | 0 |
_aالإخراج المسرحى باستخدام الذكاء الاصطناعى / _cمنال البلقاسى |
| 250 | _aط1 | ||
| 260 | 3 |
_aدمشق : _b"دار عقل للنشر،" _c2025. |
|
| 300 |
_a212ص ؛ _b _c24سم. |
||
| 650 | _aالإخراج المسرحى | ||
| 650 |
_aالإخراج المسرحى _x الذكاء الاصطناعى |
||
| 650 | _aالفنون المسرحية | ||
| 650 | _aالمسرح | ||
| 942 | _cBK | ||
| 999 |
_c67615 _d67615 |
||